Ein Rückblick auf unseren Wiesenbau /

Hlavní autor: Trojan, Boleslav, 1850-1929
Jazyk: Němčina
Vydáno: Prag : [s.n.], 1877
Témata:
Externí odkaz: Digitalizovaný dokument
Fyzický popis: 1 nestránkovaný sv.
Knihy
Uloženo v:
LEADER 00755nam a2200229 a 4500
001 000692620
003 CZ BrMZK
005 20200623204335.0
007 ta
008 031016s1877 xr f ger d
015 |a cnb002518369 
040 |a BOA001  |b cze  |c BOA001 
100 1 |a Trojan, Boleslav,  |d 1850-1929  |7 jk01140181  |4 aut 
245 1 4 |a Ein Rückblick auf unseren Wiesenbau /  |c Boleslav Trojan 
260 |a Prag :  |b [s.n.],  |c 1877 
300 |a 1 nestránkovaný sv. 
500 |a Dostupné též v digitální podobě v aplikaci Kramerius 
856 4 1 |u http://www.digitalniknihovna.cz/mzk/uuid/uuid:2f47ae00-bd0e-11ea-b68c-005056827e52  |y Digitalizovaný dokument  |x NDK 
910 |a BOA001  |b 2-0022.715 
964 |a Bohemika - stol. 19. 
990 |a BK 
993 |a Y